000 01828nam a2200409 c 4500
003 BLK
005 20250118100335.0
008 180408b bul|||||r ||||||| ||bul||
010 _aKNG00073635000
020 _a954-431-280-3
_bиздат.: Златното пате
040 _aBLK
041 _aBUL
_cBUL
080 _aФренска литература
_b821.133.1
_x-93-91
_z821.133.1-93-91
700 1 _aПеро, Шарл
_eпо
_9363365
700 _aЗлатарева, Галина Йорданова
_d1954
_9363759
700 _aГеоргиев, Галин Николаев
_9368580
700 1 _aКнязева, Светлана Ангелова
_eхудож.
_9367584
700 _aЗлатарева, Галина Йорданова
_d1954
_9363759
139 _aКотаракът в чизми
_bК 87
245 1 0 _aКотаракът в чизми
_cпо Шарл Перо; адапт. Галина Златина; худож. Галин Николаев Георгиев; худож. Светлана Ангелова Князева; * Галина Йорданова Златарева.
257 _aFRA
260 София
_bЗлатното пате
_c2006
300 _a10 с.
_bс цв. ил.
_c23Х25 см
380 _aDX
490 1 _aСтъпка по стъпка
500 _aКор. опис. - Галина Златина - псевд. на Галина Йорданова Златарева.
653 _aприказки
653 _aадаптирани книги
653 _aлитература за деца
653 _aдетска литература
852 _aЦб 232858
856 4 _qpdf
_u
856 4 _qpdf
_u
942 _cKNG
_n0
_015
944 _aCR
_c02.04.2007
_k30570
_lМоника Янева
944 _aED
_c24.01.2013
_k
999 _c69293
_d69293